00199nam a2200085Ia 4500008004100000041000800041100001200049245002300061260002900084231212s2004 xx 000 0 und d aeng aKhurini aTheory of Machines aNew DelhibCBS Pubc2004